La Resolución por incumplimiento /

Tallennettuna:
Bibliografiset tiedot
Päätekijä: Valle Guzmán, Rafael
Aineistotyyppi: Teksti
Aiheet:
Tagit: Lisää tagi
Ei tageja, Lisää ensimmäinen tagi!

MARC

LEADER 00000 a a2200000 04500
001 14880
003
040
100 |a Valle Guzmán, Rafael  
245 |a La Resolución por incumplimiento /  |c Rafael Valle Guzmán 
650 |a PUB.IIS  
773 |g número 5; páginas 67-147  
999 |c 27695  |d 27695